000 00538nam a2200229Ia 4500
003 OSt
005 20221005124152.0
006 a|||||r|||| 00| 0
007 ta
008 221004b |||||||| |||| 00| 0 eng d
024 _a49710
037 _cTextual
040 _aCRL
_cCRL
_beng
041 _2eng
_aeng
082 _aQ29M28wL74, H5
100 _aRoy Rammohun
245 0 _aMemoir
260 _c1945
650 _aRELIGION
942 _hQ29M28wL74, H5
_cTEXL
_2cc
999 _c1049644
_d1049644